ბათუმის შოთა რუსთაველის სახელმწიფო უნივერსიტეტის ბიბლიოთეკა

ბარძაყის დინამიური სპირალური თვითმჭრელი ჭანჭიკის იმპლანტის როლი ბარძაყის ყელის (პროქსიმალური ნაწილის-ციბრუტებზე გამავალი) მოტეხილობების მკურნალობაში / (ბიბ.ჩანაწერი № 51813)

000 -ლიდერი
ფიქსირებული სიგრძის საკონტროლო ველი 01715nam a2200229Ia 4500
001 - საკონტროლო ნომერი
საკონტროლო ველი 18808
003 - საკონტროლო ნომრის იდენტიფიკატორი
საკონტროლო ველი GE_BSU
005 - ბოლო ოპერაციის თარიღი და დრო
საკონტროლო ველი 20210412165958.0
008 - ფიქსირებული სიგრძის მონაცემთა ელემენტები - ზოგადი ინფორმაცია
ფიქსირებული სიგრძის საკონტროლო ველი 181216s2015||||ge |||||||||||||| ||geo||
040 ## - კატალოგიზაციის წყარო
Transcribing agency GE_BSU
041 ## - ენის კოდი
Language code of text/sound track or separate title geo
080 ## - უნივერსალური ათობითი კლასიფიკაციის ინდექსი
Universal Decimal Classification number 61 ღ-91
100 ## - მთავარი ჩანაწერი - პიროვნების სახელი
Personal name ღუდუშაური, პაატა
9 (RLIN) 11239
245 ## - ცნობა სათაურის შესახებ
Title ბარძაყის დინამიური სპირალური თვითმჭრელი ჭანჭიკის იმპლანტის როლი ბარძაყის ყელის (პროქსიმალური ნაწილის-ციბრუტებზე გამავალი) მოტეხილობების მკურნალობაში /
Statement of responsibility, etc პაატა ღუდუშაური; სამეცნიერო ხელმძღვანელი თ. ნოზაძე; თბილისის სახ-ლო სამედიცინო უნ-ტი
264 ## - წარმოების, გამოცემის, დისტრიბუციის და სხვა ცნობები
გამოცემის, წარმოების, დისტრიბუციის... ადგილი თბილისი,
გამოცემის, წარმოების, დისტრიბუციის... თარიღი 2015.
300 ## - ფიზიკური აღწერა
Extent 109 გვ. ;
Other physical details 30 სმ.
653 ## - INDEX TERM--UNCONTROLLED
Uncontrolled term ბარძაყის დინამიური სპირალური თვითმჭრელი ჭანჭიკის იმპლანტის როლი ბარძაყის ყელის (პროქსიმალური ნაწილის-ციბრუტებზე გამავალი) მოტეხილობების მკურნალობაში
653 ## - INDEX TERM--UNCONTROLLED
Uncontrolled term დისერტაცია
653 ## - INDEX TERM--UNCONTROLLED
Uncontrolled term მედიცინა
700 ## - ADDED ENTRY--PERSONAL NAME
Personal name ნოზაძე, თ.
Relator term სამეცნიერო ხელმძღვანელი
9 (RLIN) 11240
942 ## - ADDED ENTRY ELEMENTS (KOHA)
Koha item type წიგნი
Source of classification or shelving scheme
ეგზემპლარები
ჩამოწერის სტატუსი დაკარგული ეგზემპლარის სტატუსი კლასიფიკაციის წყარო ან თაროზე გაწყობის სქემა დაზიანების სტატუსი არ გაიცემა მუდმივი მდებარეობა (დაცვის ადგილი) ამჟამინდელი ადგილსამყოფელი თაროზე განთავსების ადგილი შეძენის თარიღი სრული შენახვის შიფრი შტრიხკოდი ბოლო ოპერაციის თარიღი ეგზემპლარის მიმდევრობითი ნომერი (კეტერი?) ფასის ძალაში შესვლის თარიღი ეგზემპლარის სახეობა
          ბათუმის შოთა რუსთაველის სახელმწიფო უნივერსიტეტის მთავარი ბიბლიოთეკა ბათუმის შოთა რუსთაველის სახელმწიფო უნივერსიტეტის მთავარი ბიბლიოთეკა წიგნსაცავი 2018-12-17 61 ღ-91 226 დისერტ 2018-12-17 226 2018-12-17 დისერტაცია